| 000 | 00809nam a2200217 4500 | ||
|---|---|---|---|
| 003 | CO-ViMGA | ||
| 020 | _a9789588843414 | ||
| 040 |
_aCO-ViMGA _bspa _cCO-ViMGA |
||
| 082 | 0 | 4 |
_a614 _bB515 |
| 100 | 1 |
_aBlanco Restrepo, Jorge Humberto. _96167 |
|
| 245 | 1 | 0 |
_aFundamentos de salud pública: _btomo III, epidemiología básica y principios de investigación / _cJorge Humberto Blanco Restrepo. |
| 250 | _a3a. ed. | ||
| 260 |
_aMedellín: _bCorporación para investigadores biológicas( CBI), _c2016. |
||
| 300 |
_aXX, 367 p. : _bil. ; 23 cm. |
||
| 500 | _aIncluye bibliografías e indice. | ||
| 650 | 1 | 4 |
_aAdministración de servicios de salud _91483 |
| 650 | 1 | 4 |
_aSalud pública - Manuales. _96168 |
| 700 | 1 |
_aMaya Mejía, José María. _96169 |
|
| 700 | 1 |
_aTorres de Galvis, Yolanda. _96170 |
|
| 942 |
_2ddc _cBK |
||
| 999 |
_c37459 _d37459 |
||